MARC

LEADER 00000nam0a2200000 4500
001 60267
005 20231031061250.0
010 |a 1857151704 
035 |a (RuTPU)RU\TPU\book\63733 
090 |a 60267 
100 |a 20040204d2000 m y0engy50 ba 
101 1 |a eng 
102 |a GB 
105 |a y j 000ay 
200 1 |a The cossacks  |e Translated from the Russian  |f L. Tolstoy  |g Пер. L. Maude; Пер. A. Maude 
210 |a London  |c Everyman Publishers plc.  |d 2000 
215 |a 178 с. 
225 1 |a The millennium library 
610 1 |a английский язык 
610 1 |a учебные пособия 
610 1 |a хрестоматии 
610 1 |a книги для чтения 
610 1 |a художественная литература 
610 1 |a русская литература 
686 |a Ш143.21-923.8  |v LBC/SL-A  |2 rubbk 
700 1 |a Tolstoy  |b L.  |g Leo 
702 1 |a Maude  |b L.  |4 730 
702 1 |a Maude  |b A.  |4 730 
801 1 |a RU  |b 63413507  |c 20040204  |g PSBO 
801 2 |a RU  |b 63413507  |c 20040216  |g PSBO 
942 |c BK